| Tag |
First Indicator |
Second Indicator |
Subfields |
| LEADER |
00000uam a2200000 a 4500 |
| 001 |
in00004100169 |
| 005 |
20260122211453.2 |
| 006 |
m o d |
| 007 |
cr cn |
| 008 |
090513s2004 xx o eng |
| 020 |
|
|
|z 9780768683707
|
| 020 |
|
|
|z 0672324431
|
| 020 |
|
|
|z 9780672324437
|
| 020 |
|
|
|z 076868370X
|
| 035 |
|
|
|a (CaSebORM)9780768683707
|
| 040 |
|
|
|d UtOrBLW
|
| 041 |
0 |
|
|a eng
|
| 100 |
1 |
|
|a Pacheco, Xavier,
|e author.
|0 http://id.loc.gov/authorities/names/n95105243
|
| 245 |
1 |
0 |
|a Delphi for .NET Developer's Guide /
|c Pacheco, Xavier.
|
| 250 |
|
|
|a 1st edition.
|
| 264 |
|
1 |
|b Sams,
|c 2004.
|
| 300 |
|
|
|a 1 online resource (888 pages)
|
| 336 |
|
|
|a text
|b txt
|2 rdacontent
|
| 337 |
|
|
|a computer
|b c
|2 rdamedia
|
| 338 |
|
|
|a online resource
|b cr
|2 rdacarrier
|
| 347 |
|
|
|a text file
|
| 520 |
|
|
|a Master Microsoft's .NET Framework using Delphi. This book provides expert knowledge of both Delphi and. NET with the same, practicable and real-world solutions approach used in previous Delphi Developer's Guides. Delphi for .NET Developer's Guide is a new edition of the #1 Delphi book by authors Xavier Pacheco and Steve Teixeira. This newest edition is completely updated for Delphi using the .NET Framework and includes in-depth coverage on Borland's new CLX architecture, DBExpress Applications, SOAP, CORBA, WebSnap and BizSnap features. It continues as a complete reference and authoritative guide to the newest version of Delphi. Additional topics covered include: The .NET Framework; Programs, Units, and Namespaces;.NET Security Custom WinForms Controls; Memory Management and Garbage Collection; COM and COM+ Interoperability; ADO.NET, ASP.NET and Web Services.
|
| 533 |
|
|
|a Electronic reproduction.
|b Boston, MA :
|c Safari,
|n Available via World Wide Web.
|d 2004.
|
| 538 |
|
|
|a Mode of access: World Wide Web.
|
| 542 |
|
|
|f Copyright © Sams
|g 2004
|
| 588 |
|
|
|a Online resource; Title from title page (viewed May 12, 2004)
|
| 500 |
|
|
|a Electronic resource.
|
| 655 |
|
7 |
|a Electronic books.
|2 local
|
| 710 |
2 |
|
|a Safari, an O'Reilly Media Company.
|
| 856 |
4 |
0 |
|u https://proxy.library.tamu.edu/login?url=https://go.oreilly.com/TAMU/library/view/-/9780768683707/?ar
|z Connect to this electronic resource
|t 0
|
| 999 |
f |
f |
|s 6f879fa3-e7cb-3f9b-9bcd-8dfe115c6780
|i 212d8e48-e820-39d9-a06b-b81813f08786
|t 0
|
| 952 |
f |
f |
|a Texas A&M University
|b College Station
|c Electronic Resources
|s www_evans
|d Available Online
|t 0
|h No information provided
|
| 998 |
f |
f |
|t 0
|l Available Online
|